| 000 | 00544nam a2200217 a 4500 | ||
|---|---|---|---|
| 001 | 0001-2050 | ||
| 003 | ELIB.Books | ||
| 008 | 190716 2010 eng | ||
| 020 | _aKBTS | ||
| 092 |
_a813 _bAnd |
||
| 100 | _aAndrews, Andy. | ||
| 245 | _aThe Traveler's Gift | ||
| 260 |
_aNashville _bThomas Nelson Publishers _c2002 |
||
| 300 |
_a211 _c21 Cm |
||
| 650 | _aConduct of Life | ||
| 856 |
_nKBTS Library _uKBTS Elib |
||
| 942 |
_2ddc _cBK |
||
| 990 | _a1 | ||
| 998 |
_aEnglishbooks.elf _ccat _e2019-07-16 |
||
| 999 |
_c12050 _d12050 |
||